01260 2200361 4500001002100000005001500021035002000036007000300056008004100059082001700100245012800117300002100245650003400266710007800300264008800378336002100466337003000487338002300517040002200540084001700562850001200579090001900591505007400610546005400684990002000738990002000758990002000778990002000798990002000818990002000838990002000858990002000878INLIS00000000086352520211228032344 a0010-0821000224ta210804s2019 yoi g f p jav d04223a899.222100aSerat pralambang :balih tulisan Jawa - latin (Indonesia) /cDinas Perpustakaan dan Arsip Daerah Daerah Istimewa Yogyakarta a...buku ;c21 cm 4aKesusasteraan Jawa--xTembang2 aDinas Perpustakaan dan Arsip Daerah Daerah Istimewa YogyakartaePengarang31aYogyakarta :bDinas Perpustakaan dan Arsip Daerah Daerah Istimewa Yogyakarta,c2019 2rdacontentateks 2rdamediaatanpa perantara 2rdacarrieravolume aYOPDYOGbindcrda a899.2221 SER aYOPDYOG aL 899.2221 SER aTerdiri dari 2 buku, Buku 1: Halaman 001-157; Buku 2: Halaman 158-321 aTeks tediri dari bahasa Indonesia dan bahasa Jawa a67412-PD/A.2021 a67413-PD/A.2021 a72679-PD/A.2024 a72680-PD/A.2024 a72680-PD/A.2024 a67412-PD/A.2021 a67413-PD/A.2021 a72679-PD/A.2024